000 03133cam a22011894i 4500
003 PE-LiUPU
005 20250813185619.0
008 140701 2013 pe a g 1 spa d
020 _a978612000495
035 _a(Sirsi) i978612000495
040 _aPE-LiUPU
_bspa
_cPE-LiUPU
_erda
082 0 4 _a373.07
_bN94
100 1 _aNúñez, Emil,
_eautor.
245 _aCómo tener un aula de alumnos de secundaria concentrada en tus enseñanza :
_bun método eficaz y sencillo para el aprovechamientos de las matemáticas y otros cursos /
_cEmil Núñez.
264 1 _aLima :
_bÁngeles,
_c2013.
300 _a49 páginas :
_bilustraciones ;
_c21 centímetros
336 _atext
_btxt
_2rdacontent
337 _aunmediated
_bn
_2rdamedia
338 _avolume
_bnc
_2rdacarrier
505 0 _aLos tres objetivos para una enseñanza correcta. Los tres primeros pasos para una enseñanza correcta. Los dos siguientes pasos para una enseñanza correcta. La automotivación. La evaluación para la automotivación.
526 _aP202
526 _aP201
526 _aP163
526 _aP162
526 _aP161
526 _aP160
526 _aP148
526 _aP147
526 _aP146
526 _aP145
526 _aP144
526 _aP143
526 _aP142
526 _aP141
526 _aP140
526 _aP139
526 _aP138
526 _aP137
526 _aP136
526 _aP135
526 _aP134
526 _aP133
526 _aP129
526 _aP128
526 _aP127
526 _aP120
526 _aP119
526 _aP118
526 _aP116
526 _aP115
526 _aP114
526 _aP110
526 _aP109
526 _aP108
526 _aP104
526 _aP103
526 _aP102
526 _aP99
526 _aP98
526 _aP97
526 _aP96
526 _aP95
526 _aP93
526 _aP90
526 _aP89
526 _aP88
526 _aP83
526 _aP82
526 _aP62
526 _aP59
526 _aP58
526 _aP57
526 _aP51
526 _aP49
526 _aP48
526 _aP47
526 _aP29
526 _aP24
526 _aP20
526 _aP19
526 _aP17
526 _aP15
526 _aP14
526 _aP12
526 _aP10
526 _aP09
526 _aP08
526 _aP07
526 _aP06
526 _aP05
526 _aP04
526 _aP01
650 1 4 _aEducación secundaria
_xMetodología
859 _q69786
910 _adbm
_clch
_d20140120
942 _2ddc
_cBOOK
949 _i69786
_lCCODEBUL1
_mBUL
_tLIBRO
_o.STAFF. Colecciòn general
596 _a1
999 _a153.35 N94
_wDEWEY
_c54647
_i66472
_f2017-2-16
_g1
_lDISCARD
_mBUL
_p13.00
_r0
_sY
_tBOOK
_u2015-7-6
_xSALUD
_zUNKNOWN
_0COMPRA
_o.STAFF. Colección General
_d54647
999 _a373.07 N94
_wDEWEY
_c1
_i69786
_f2021-11-8
_g5
_lCCODEBUL1
_mBUL
_r0
_sN
_tBOOK
_u2015-7-6
_xEDUCACION
_zUNKNOWN
_0COMPRA
_o.STAFF. Colección General
980 _81
_gALBERTO SANCHEZ Responsable de Automatización